zpět

Detail výsledku týmu

Lidové sady, Liberec

Datum a čas kvízu

30 Celkem bodů Celkový počet nahraných bodů na tomto kvízu bez doplňovacích otázek.
11. Pořadí na kvízu Konečné umístění týmu na tomto kvízu.

Zaznamenané odpovědi

# Otázka Odpověď Body Výsledky
1. Ministr dopravy Vladimír Kreml... Francie 1
2. Senát jednoho státu na jihu US... Alabama 0
3. Který známý umělec si vzal v n... Rytmus / Patrik Vrbovský 1
4. Čínská společnost Xiaomi přišl... v automatu 1
5. Kolik gólů padlo celkem v pond... 11 gólů 0
6. Volby do Evropského parlamentu... čtvrté 1
7. Jak se jmenuje německý politik... Martin Schulz 1
8. Přiřaďte politické strany k je... 1B 2A 3D 4C 1
9. Ve francouzském Štrasburku síd... Rada Evropy 1
10. Jedenatřicetiletý kandidát nov... Tinder 0